| 000 | 00351cam a2200133ua 4500 | ||
|---|---|---|---|
| 003 | OSt | ||
| 008 | 220928b |||||||| |||| 00| 0 eng d | ||
| 041 | _aeng | ||
| 082 | _a028.7463 | ||
| 245 | _aFifteenth congress on irrigation and drainage,The Hague ,Netherlands vol-1-H | ||
| 260 |
_a : _bICID and CIID , _c1993. |
||
| 300 | _a225 ; . | ||
| 942 | _cBK | ||
| 999 |
_c5673 _d5673 |
||